000 00482nam a2200181 a 4500
001 1768630936840
003 YourLibrary
005 20260117115422.0
008 260117s2010##################000#0#eng##
020 _a9781440502026
082 0 4 _a618.86
_bKNI
100 1 _aKnight, Mary Beth,
_eauthor.
245 1 0 _aStrategies for the C-Section Mom :
260 _bAdams Media,
_c2010.
650 0 _aHealth & Fitness.
942 _cENGLISH
040 _aYourLibrary
_beng
_cYourLibrary
999 _c608474
_d608474